00353nam a2200121Ia 4500008004100000041001200041100001400053245008800067260003700155300000800192650001500200700001600215221030s9999 xx 000 0 und d aEnglish aN. Sharma 0aSolid State Physics, Electronics, Quantum Optics & Lasercby N. Sharma, S. Bhardwaj bS. Dinesh & Co.aJalandharc2008 a369 aBB Physics aS. Bhardwaj